| 000 | 00619nam a22001337a 4500 | ||
|---|---|---|---|
| 040 | _cRUA | ||
| 082 | _aAGR PRE 2015 B520 Or.1 | ||
| 100 | _aPREAM RADY; ព្រាម រ៉ាឌី | ||
| 245 | _aThe effectiveness of molucicitioides to control golden apple snail in glasshouse condition, ប្រសិទ្ធភាពនៃសិប្បិឃាដក្នុងការកម្ចាត់ខ្យង់ពណ៌មាសនៅក្នុងលក្ខខណ្ឌផ្ទះកញ្ជក់ | ||
| 260 |
_aRUA _bPRE _c2016 |
||
| 300 |
_axiii,48p. _bill. _c29cm. |
||
| 856 | _uPREAM RADY | ||
| 942 | _cAGR | ||
| 999 |
_c10759 _d10759 |
||